00525nam a2200193 a 4500001001300000003000900013005001700022008004100039020000900080082001700089100002500106245004100131260005500172300000900227500003500236505001000271650002500281700002500306nice12345678IN_TiNIC20260116012711.0050524s1982 bata grp 000 0 eng  ac3500a291.092bMCM aMcmullem, Clarence O aConcept of Guru in Indian Religions. aBatalabFor Christian Instt. of Sikh Studiesc1982 a157p aincludes index and biblioraphy2 aIndex aComparative Religion1 aMcmullem, Clarence O